000 01266nam a2200313 i 4500
003 EG-GICUC
005 20260210093602.0
008 260210s1972 us ||||fr|||| 001 0 ara d
017 _a72/6159
040 _a EG-GICUC
_bara
_c EG-GICUC
_d EG-GICUC
_erda
041 _aara
082 0 4 _a343.414
_bأ ن . ش
_221
092 0 4 _221
099 _aLaw1 10 343.414 أ ن . ش 1972 1006456
100 0 _aأنور العمروسي.
_eمؤلف.
245 1 0 _aشرح قوانين الجمارك والاستيراد والتصدير والنقد :
_bطبيعة جرائم التهريب وعقوباتها /
_cتأليف أنور العمروسي.
264 1 _aالإسكندرية، مصر :
_bدار الكتب الجامعية،
_c1972.
300 _a988 صفحة ؛
_c24 سم.
_bإيضاحيات، صور، مثيليات ؛
336 _2rda content
_atext
337 _2rda media
_aComputer
338 _2rda carrier
_aOnline Resource
504 _aيشتمل على ارجاعات ببليوجرافية.
546 _aالنص باللغة العربية
650 1 _aقانون العقوبات الجمركي.
_2qrmak
651 1 _2qrmak
856 4 0 _uhttps://fll.law.cu.edu.eg/fulltext/bks/B10-06456.pdf
905 _a18
942 _2ddc
_n0
_cBK
_e21
999 _c62353
_d62353